书目信息 |
| 题名: |
合同本体解释论
|
|
| 作者: | 顾祝轩 著 | |
| 分册: | ||
| 出版信息: | 北京 法律出版社 2008 |
|
| 页数: | 12, 337页 | |
| 开本: | 21cm | |
| 丛书名: | ||
| 单 册: | ||
| 中图分类: | D913.05 | |
| 科图分类: | ||
| 主题词: | 合同法--he tong fa--法律解释 | |
| 电子资源: | ||
| ISBN: | 978-7-5036-7983-4 | |
| 000 | 01025nam0 2200253 450 | |
| 001 | 003693951 | |
| 005 | 20080923095110.87 | |
| 010 | @a978-7-5036-7983-4@dCNY25.00 | |
| 100 | @a20080102d2008 em y0chiy0110 ea | |
| 101 | 0 | @achi |
| 102 | @aCN@b110000 | |
| 105 | @ay z 000yy | |
| 200 | 1 | @a合同本体解释论@Ahe tong ben ti jie shi lun@e认知科学视野下的私法类型思维@f顾祝轩著 |
| 210 | @a北京@c法律出版社@d2008 | |
| 215 | @a12, 337页@d21cm | |
| 312 | @a英文题名为:Ontology and contract interpretation | |
| 330 | @a本书是关于研究“合同本体解释论”方面的专著,书中具体围绕以下问题展开:合同解释理论的历史沿革、合同本体解释理论的法理学背景解读、合同本体解释理论的形态、合同本体解释理论的反思与深化等。 | |
| 510 | 1 | @aOntology and contract interpretation@zeng |
| 517 | 1 | @a认知科学视野下的私法类型思维@Aren zhi ke xue shi ye xia de si fa lei xing si wei |
| 606 | 0 | @a合同法@Ahe tong fa@x法律解释 |
| 690 | @aD913.05@v4 | |
| 701 | 0 | @a顾祝轩@Agu zhu xuan@4著 |
| 801 | 0 | @aCN@bNLC@c20080923 |
| 905 | @aZUCC@dD913.05@eG520 | |
| 合同本体解释论:认知科学视野下的私法类型思维/顾祝轩著.-北京:法律出版社,2008 |
| 12, 337页;21cm |
| ISBN 978-7-5036-7983-4:CNY25.00 |
| 本书是关于研究“合同本体解释论”方面的专著,书中具体围绕以下问题展开:合同解释理论的历史沿革、合同本体解释理论的法理学背景解读、合同本体解释理论的形态、合同本体解释理论的反思与深化等。 |
| ● |
| 相关链接 |
|
|
|
正题名:合同本体解释论
索取号:D913.05/G520
 
预约/预借
| 序号 | 登录号 | 条形码 | 馆藏地/架位号 | 状态 | 备注 |
| 1 | 840052 | 208400522 | 社科库509/509社科库 81排7列4层/ [索取号:D913.05/G520] | 在馆 | |
| 2 | 840053 | 208400531 | 社科库509/509社科库 81排7列4层/ [索取号:D913.05/G520] | 在馆 | |
| 3 | 840054 | 208400540 | 社科库509/509社科库 81排7列4层/ [索取号:D913.05/G520] | 在馆 |